DayZ Ranged weapons - Statistics

General Stats
  • This quiz has been taken 251 times
  • The average score is 25 of 49
Answer Stats
caliber Answer % Correct
5.45x39mm KA-74
84%
9x19mm Mlock-91
82%
7.62x39mm KA-M
81%
5.56x45mm M4-A1
81%
.308 WIN M70 Tundra
72%
Bolts Crossbow
69%
7.62x54mmR Mosin 91/30
69%
.22 LR MK II
68%
.357 Revolver
65%
5.56x45mm M16-A2
63%
5.56x45mm KA-101
62%
.45 ACP Kolt 1911
62%
.308 WIN LAR
61%
7.62x54mmR VSD
60%
.357 Deagle
58%
12ga BK-12
57%
7.62x39mm BK-18
57%
Flare Signal Pistol
57%
12ga BK-43
56%
.308 WIN Blaze
56%
.22 LR Sporter 22
55%
12ga Vaiga
53%
9x39mm SVAL
50%
.308 WIN DMR
49%
9x39mm VSS
49%
.308 WIN Longhorn
47%
.357 Derringer
46%
.380 ACP IJ-70
46%
.308 WIN CR-550 Savanna
45%
.357 Repeater Carbine
45%
7.62x39mm SK 59/66
45%
12ga BK-133
44%
5.56x45mm Pioneer
44%
.45 ACP USG-45
44%
.380 ACP Bizon
43%
.45 ACP FX-45
40%
7.62x54mmR VS-89
37%
9x19mm P1
36%
7.62x39mm CR-527
35%
5.56x45mm LE-MAS
35%
5.56x45mm AUR AX
33%
5.45x39mm KAS-74U
33%
9x19mm SGK-5
33%
.380 ACP CR-61 Skorpion
32%
9x19mm CR-75
32%
5.56x45mm AUR A1
31%
9x39mm Vikhr
31%
40mm M79
28%
5.45x39mm SSG 82
18%
No matching quizzes found
Score Distribution
Percent of People with Each Score
Percentile by Number Answered
Your Score History
You have not taken this quiz